000 00533pam a2200193 a 4500
020 _a0130198609
040 _cDLC
082 0 0 _a338 PRE 1995 C159 Or.
100 1 _aKnutson, Ronald D
245 1 0 _aAgricultural and food policy /
250 _a3rd ed
260 _aEnglewood Cliffs, N.J. :
_bPrentice Hall Education, Career & Technology,
_cc1995
300 _axiii, 508 p. :
_bill. ;
_c25 cm
650 0 _aAgriculture and state
650 0 _aFood supply
700 1 _aPenn, J. B
700 1 _aBoehm, William T
942 _cAEDBB
999 _c19037
_d19037